| 000 | 01428nam a2200301 a 4500 | ||
|---|---|---|---|
| 003 | BLK | ||
| 005 | 20250729110222.0 | ||
| 007 | ta | ||
| 008 | 201211b bu |||||r|||| 00| | bu d | ||
| 020 | _a9789542729655 | ||
| 040 | _aBLK | ||
| 041 |
_aBUL _cBUL |
||
| 080 |
_aЛитература на отделни езици и езикови семейства _b821 _x-93-34 _z821-93-34 |
||
| 080 |
_aИздания за деца и юноши. Книжки-картинки. Читанки. Вж и 372.4 _b087.5 _z087.5 |
||
| 084 | _aК 94 | ||
| 245 |
_aКученцата спасяват маймунките _cпрев., ред. Иванка Ангелова. |
||
| 260 |
_9209434 _aСофия _bЕгмонт България _c2023 _fПолша _n978-954-27- ; 954-446- |
||
| 300 |
_a24 с. _bс цв. ил. _c20х20 см |
||
| 380 | _aDX | ||
| 490 |
_9492190 _aПес патрул |
||
| 490 |
_9492191 _aМисия Пес патрул |
||
| 700 |
_aАнгелова, Иванка _d1956- _gФилолог, английска филология. Преводач от английски език _qГеоргиева-Владимирова, Иванка Ангелова _9377186 |
||
| 852 |
_bД _c821-93/К 94 |
||
| 856 |
_i0.00 _ldisable |
||
| 942 |
_cKNG _n0 _s1 _027 |
||
| 944 |
_cКети Илиева _k30551 _lБояна Костадинова |
||
| 999 |
_c508952 _d508952 |
||